| Tag |
First Indicator |
Second Indicator |
Subfields |
| LEADER |
00000cam a2200000 4500 |
| 001 |
in00000056902 |
| 005 |
20151008050923.0 |
| 008 |
750319s1957 nyu 00000 eng u |
| 010 |
|
|
|a 57003590
|
| 035 |
|
|
|a (OCoLC)01224707
|
| 035 |
|
|
|9 AAG4308AM
|
| 040 |
|
|
|c TLM
|d TXA
|d UtOrBLW
|
| 049 |
|
|
|a TXAM
|c [280822]
|
| 090 |
|
|
|a HD7106.U5
|b A572 1957
|
| 092 |
|
|
|a 331.25
|b A512c
|
| 110 |
2 |
|
|a American Management Association.
|
| 245 |
1 |
0 |
|a Controlling employee benefit and pension costs.
|
| 264 |
|
1 |
|a New York,
|b [publisher not identified] ;
|c [1957]
|
| 300 |
|
|
|a 127 pages
|
| 336 |
|
|
|a text
|b txt
|2 rdacontent
|
| 337 |
|
|
|a unmediated
|b n
|2 rdamedia
|
| 338 |
|
|
|a volume
|b nc
|2 rdacarrier
|
| 490 |
1 |
|
|a Its Special report ;
|v no. 23
|
| 650 |
|
0 |
|a Old age pensions
|z United States
|x Congresses.
|
| 650 |
|
0 |
|a Employee fringe benefits
|z United States
|v Congresses.
|
| 830 |
|
0 |
|a Special report (American Management Association) ;
|v no.23.
|
| 999 |
|
|
|a MARS
|
| 999 |
f |
f |
|s cc3af650-b5ca-30c7-bb1a-aabfdd2ed40b
|i d5cec56f-610e-34e7-93b6-bef345f2a612
|t 0
|
| 952 |
f |
f |
|p ric
|a Texas A&M University
|b Rellis Campus
|c Joint Library Facility
|d Remote Storage
|t 0
|e HD7106.U5 A572 1957
|h Library of Congress classification
|i unmediated -- volume
|m A14800718422
|
| 998 |
f |
f |
|a HD7106.U5 A572 1957
|t 0
|l Remote Storage
|